000 00518nam a2200181Ia 4500
001 17271
005 20260306170412.0
008 260306t2012||||xx |||||||||||||| ||und||
041 _aESP
082 _a657.61
_bF43E
100 _aFerrer Quea, Alejandro,
_eAUT
245 0 _aNormas internacionales de información financiera - NIIF's especiales y nuevas NIIF's :
_bcomentarios y aplicaciones
260 _c2012
300 _a510 pƔginas :
_c24 cm.
650 _aGEN
654 _aCCO
942 _cLIB
_dJUS
_fJUS
_2ddc
_n
999 _c17271
_d17271